La antropología histórica-cultural y las lenguas de América Central: el idioma de Subtiaba según su estudio por Walter Lehmann
Este artículo aborda la relación entre la antropología histórica-cultural y las lenguas indígenas de América Central, específicamente el idioma Subtiaba, a través del estudio realizado por Walter Lehmann. La antropología histórica-cultural se ha centrado en el análisis de las culturas indígenas de l...
Zapisane w:
| Format: | Książka |
|---|---|
| Język: | Spanish |
| Hasła przedmiotowe: | |
| Etykiety: |
Dodaj etykietę
Nie ma etykietki, Dołącz pierwszą etykiete!
|
MARC
| LEADER | 00000nam a22000007a 4500 | ||
|---|---|---|---|
| 003 | cru CIDCACS/IIS | ||
| 005 | 20231205134906.0 | ||
| 007 | ta | ||
| 008 | 191129s2011 nq |||p|r||||||0| ||spa|d | ||
| 040 | |c cru CIDCACS/IIS | ||
| 245 | 0 | 3 | |a La antropología histórica-cultural y las lenguas de América Central: |b el idioma de Subtiaba según su estudio por Walter Lehmann |
| 300 | |a 243 páginas | ||
| 520 | |a Este artículo aborda la relación entre la antropología histórica-cultural y las lenguas indígenas de América Central, específicamente el idioma Subtiaba, a través del estudio realizado por Walter Lehmann. La antropología histórica-cultural se ha centrado en el análisis de las culturas indígenas de la región, y una parte fundamental de estas culturas es su lengua. El trabajo de Lehmann se destaca por su enfoque interdisciplinario que combina la lingüística, la etnografía y la antropología. A través del estudio del idioma Subtiaba, Lehmann pudo obtener información valiosa sobre la cultura, la historia y las relaciones sociales de esta comunidad indígena. El artículo resalta la importancia de la colaboración entre diferentes disciplinas para comprender de manera más completa las sociedades indígenas de América Central y preservar su patrimonio lingüístico y cultural. RAR 11/23 | ||
| 650 | 0 | |a ANTROPOLOGIA SOCIAL Y CULTURAL |2 UNESCO |9 395 | |
| 650 | 0 | |a LENGUAS INDIGENAS |2 OCDE |9 1083 | |
| 650 | 0 | |a LINGUISTICA |2 OCDE |9 6273 | |
| 650 | 0 | |a ETNOGRAFIA |2 OCDE |9 4615 | |
| 650 | 0 | |a INDIGENAS |2 OCDE |9 4725 | |
| 650 | 0 | |a HISTORIA |2 OCDE |9 136 | |
| 650 | 0 | |a RELACIONES SOCIALES |2 OCDE |9 7012 | |
| 650 | 0 | |a PATRIMONIO CULTURAL |2 UNESCO |9 2742 | |
| 651 | 0 | |a AMERICA CENTRAL |2 OCDE |9 128 | |
| 773 | 0 | |0 18927 |9 2971 |a Universidad Centroamericana. |d Managua, Nicaragua IHNCA-UCA, 1990- |o 17926 |t Revista de Historia / |x 10174680 | |
| 942 | |2 ddc |c PP | ||
| 999 | |c 42678 |d 42678 | ||
